MARC

LEADER 00000nam0a2200000 4500
001 317017
005 20231102002931.0
035 |a (RuTPU)RU\TPU\book\342485 
090 |a 317017 
100 |a 20160404d1982 km y0rusy50 ca 
101 0 |a rus 
102 |a RU 
105 |a a z 001zy 
200 1 |a Механизация и автоматизация производства керамических стеновых материалов  |f Э. Д. Шукуров [и др.] 
210 |a Ленинград  |c Стройиздат  |d 1982 
215 |a 167 с.  |c ил. 
225 1 |a Повышение мастерства рабочих строительства и промышленности строительных материалов 
320 |a Библиогр.: с. 166 
606 1 |a Стеновые материалы,керамические  |x Производство  |x Автоматизация и механизация  |2 stltpush  |3 (RuTPU)RU\TPU\subj\34914  |9 56737 
610 1 |a классификация 
610 1 |a системы управления 
610 1 |a керамическая масса 
610 1 |a приготовление 
610 1 |a формование 
610 1 |a укладка 
610 1 |a транспортирование 
610 1 |a техника безопасности 
610 1 |a противопожарная техника 
675 |a 666.7  |v 4 
701 1 |a Шукуров  |b Э. Д. 
701 1 |a Романенков  |b А. И. 
701 1 |a Захаров  |b В. П. 
701 1 |a Зорохович  |b В. С. 
801 1 |a RU  |b 63413507  |c 20160404 
801 2 |a RU  |b 63413507  |c 20200115  |g RCR 
942 |c BK